000 00955nac a22002777a 4500
001 BR9603959
003 BR-BrBNA
005 20240105121800.0
008 230509b bl.|||m| |||| 00| 0 por d
040 _aBR-BrBNA
_bpor
_cBiblioteca Nacional de Agricultura
072 _aP11; U10
090 _aP11 BR9603959
100 1 _aMartinez, M.A.
100 1 _aMonke, E.J.
100 1 _aKladivko, E.J.
110 1 _aAssociacao dos Engenheiros Agricolas de Minas Gerais, Vicosa (Brasil)
_9584
245 1 _aSimulacao de drenagem subterranea usando elementos finitos: 2. validacao do modelo a nivel de campo
260 3 _aVicosa, MG (Brasil):
_c1994.
300 _a10 p.
490 _aEngenharia na Agricultura. Serie Irrigacao e Drenagem (Brazil)
_vv. 3(30)
_xISSN 0103-9806
500 _aSummaries (En, Pt); 10 ref.
650 _aDrenagem
650 _aModelo Matematico
909 _a202312
_bLúcia Elande
_c55
_dLúcia Elande
942 _2AGRIS
_n0
_cMS
999 _c287420
_d287420